000 007050000a22002170004500
090 _aAR
_b02158
245 1 0 _aDiagnóstico y zonificación preliminar de los manglares del Pacífico colombiano
650 1 4 _aEcosistemas de manglar
_995651
650 1 4 _aVegetación
_992799
650 1 4 _aSuelos
_9287
650 1 4 _aHidrología
_992912
650 1 4 _aAspectos socioculturales
_92478
651 4 _dValle del Cauca
_pColombia
_992749
651 4 _dCauca
_pColombia
_992749
651 4 _dChocó
_pColombia
_992749
041 0 _aEspañol
700 1 _aAlvarez León, Ricardo
_91884
100 1 _aSánchez Páez, Heliodoro
_96970
942 _cARTICULO
773 1 _tMinisterio del Medio Ambiente
_31181
_q1-14
_d1997
999 _c11231
_d11231